Rich dad poor dad / (Record no. 73996)
[ view plain ]
| 000 -LEADER | |
|---|---|
| fixed length control field | 01409nam a22002897a 4500 |
| 005 - DATE AND TIME OF LATEST TRANSACTION | |
| control field | 20190108105131.0 |
| 010 ## - LCCN (DPL NO) | |
| LC control number | B-492816 B-524231 B-713041 |
| 020 ## - INTERNATIONAL STANDARD BOOK NUMBER | |
| Terms of availability | 399.00 |
| International Standard Book Number | 9781612680194 |
| 035 ## - SYSTEM CONTROL NUMBER | |
| System control number | B-492816 |
| 035 ## - SYSTEM CONTROL NUMBER | |
| System control number | B-524231 |
| 035 ## - SYSTEM CONTROL NUMBER | |
| System control number | B-713041 |
| 035 ## - SYSTEM CONTROL NUMBER | |
| System control number | B-713057 |
| 037 ## - SOURCE OF ACQUISITION | |
| Source of stock number/acquisition | UBH / VEN |
| 037 ## - SOURCE OF ACQUISITION | |
| Source of stock number/acquisition | RK Books |
| 082 ## - DEWEY DECIMAL CLASSIFICATION NUMBER | |
| Classification number | 320.024 |
| 100 ## - MAIN ENTRY--PERSONAL NAME | |
| Personal name | Kiyosaki, Robert T. |
| 245 ## - TITLE STATEMENT | |
| Title | Rich dad poor dad / |
| Statement of responsibility, etc | by Robert T. Kiyosaki |
| 260 ## - PUBLICATION, DISTRIBUTION, ETC. (IMPRINT) | |
| Place of publication, distribution, etc | Scottsdale, AZ |
| Name of publisher, distributor, etc | Plata Publishing |
| Date of publication, distribution, etc | 2017 |
| 270 ## - ADDRESS | |
| Address | 4330 N. Civic Center Plaza, Suite 100 |
| City | Scottsdale, AZ |
| Postal code | (480)9986971 |
| 300 ## - PHYSICAL DESCRIPTION | |
| Extent | 250p. |
| -- | 351p. |
| Dimensions | 17cm(pbk) |
| 500 ## - GENERAL NOTE | |
| General note | What the rich teach their kids about money- that the poor and middle class do not |
| 942 ## - ADDED ENTRY ELEMENTS (KOHA) | |
| Source of classification or shelving scheme | Dewey Decimal Classification |
| Item type | English Books |
| Classification part | 320.024 |
| Call number suffix | KIY |
| Withdrawn status | Lost status | Not for loan | Collection code | Home library | Current library | Date acquired | Source of acquisition | Cost, normal purchase price | Full call number | Barcode | Copy number | Cost, replacement price | Koha item type |
|---|---|---|---|---|---|---|---|---|---|---|---|---|---|
| Non-fiction | Ashok Vihar | Ashok Vihar | 04/01/2019 | RK Books/IN2630/18-19/24-12-18/549/19-12-18/29-12-18 | 399.00 | 332.024 KIY | B-713041 | 1 | 399.00 | English Books | |||
| Non-fiction | R.C.Libraries (BL-III) | R.C.Libraries (BL-III) | 08/01/2019 | Pansy Books/1816/04.01.2019/1339/18.12.2018/07.12.2019 | 399.00 | 320.024 KIY | B-713057 | 1 | 399.00 | English Books | |||
| Written-off vide DLB M. No. 383 dt 16.05.19 | Non-fiction | Sarojini Nagar | Sarojini Nagar | 23/03/2013 | UBH/254/26.2.13/DPL/ZLS/RP/2012-13/3/847/21.2.13/26.2.13/1.3.13 | 400.00 | 332.024 KIY | B-492816 | 1 | 400.00 | English Books | ||
| Non-fiction | Sriniwas Puri | Sriniwas Puri | 24/06/2013 | UBH/029/15.5.13/DPL/ZLS/RP/2013-14/1/156/15.5.13/20.5.13 | 400.00 | 332.024 KIY | B-524231 | 1 | 400.00 | English Books |
